000
00298nam a22001337a 4500
008
170316b xxu||||| |||| 00| 0 eng d
020
_a
9780397512881
041
_a
eng
080
_2
3 ED
_a
SHM
100
_a
7
101
_a
SHM
245
_a
NEUROLOGY NON NEUEROLOGY
_c
WEINER.W.J
942
_2
udc
_c
BK
999
_c
8006
_d
8006